Čo dokážu robiť automatizačné technológie? Skutočne nahrádzajú prácu v Európe?

Automatizačné technológie sú formou technologického pokroku, ktorý má potenciál výrazne ovplyvniť trh práce. Automatizačné technológie na jednej strane vedú k zvýšeniu efektívnosti a produktivity (dopĺňajú prácu), no zároveň predstavujú hrozbu nahradenia určitých pracovných miest (automatizujú prác...

Descrizione completa

Salvato in:
Dettagli Bibliografici
Autore principale: Oleš, Tomáš, 1996-
Natura: Capitolo di libro
Lingua:slovacco
Soggetti:
Tags: Aggiungi Tag
Nessun Tag, puoi essere il primo ad aggiungerne!!

MARC

LEADER 00000naa a2200000 4500
001 0295450
005 20240502074506.1
041 0 |a slo 
044 |a SK 
245 1 0 |a Čo dokážu robiť automatizačné technológie? Skutočne nahrádzajú prácu v Európe?  |c Tomáš Oleš 
520 |a Automatizačné technológie sú formou technologického pokroku, ktorý má potenciál výrazne ovplyvniť trh práce. Automatizačné technológie na jednej strane vedú k zvýšeniu efektívnosti a produktivity (dopĺňajú prácu), no zároveň predstavujú hrozbu nahradenia určitých pracovných miest (automatizujú prácu), čo sa prejavuje v zmene miezd a zamestnanosti v jednotlivých odvetviach. Pri skúmaní dopadov automatizačných technológií sa využívajú ekonomické modely na úrovní činností (angl. tasks based models) práce a kapitálu, kde k automatizácií činností práce dochádza vtedy, ak je pre firmy ekonomicky efektívnejšie, aby niektoré činnosti vykonával kapitál namiesto práce. V príspevku autor ukazuje, ako by sa dali činnosti, ktoré robia automatizačné technológie, identifikovať. 
610 2 0 |a technológie inteligentné 
610 2 0 |a automatizácia 
610 2 0 |a inteligencia umelá 
610 2 0 |a pokrok technologický 
610 2 0 |a trh práce 
610 2 0 |a produktivita 
610 2 0 |a miesta pracovné 
610 2 0 |a efektívnosť 
610 2 0 |a modely ekonomické 
610 2 0 |a zamestnanosť 
100 1 |a Oleš, Tomáš, 1996-